logo

Bir Sreshtho Munshi Abdur Rouf Library
Jhenaidah Cadet College

Patterns for college writing : (Record no. 14080)

MARC details
000 -LEADER
fixed length control field 01039cam a2200325 a 4500
001 - CONTROL NUMBER
JCCL Control Number 14080
003 - CONTROL NUMBER IDENTIFIER
JCCL marc code BD-JhCC
005 - DATE AND TIME OF LATEST TRANSACTION
control field 20240919112057.0
008 - FIXED-LENGTH DATA ELEMENTS--GENERAL INFORMATION
fixed length control field 000410s2001 maua 001 0 eng
020 ## - INTERNATIONAL STANDARD BOOK NUMBER
International Standard Book Number 0312247362
020 ## - INTERNATIONAL STANDARD BOOK NUMBER
International Standard Book Number 0312247367 (Suppl.)
035 ## - SYSTEM CONTROL NUMBER
system control number (BD-JhCC)14080
040 ## - CATALOGING SOURCE
Original cataloging agency DLC
Transcribing agency DLC
Modifying agency DLC
041 ## - LANGUAGE CODE
Language code of Book eng
050 00 - LIBRARY OF CONGRESS CALL NUMBER
Classification number PE1417
Item number .P36 2001
082 00 - DEWEY DECIMAL CLASSIFICATION NUMBER
Classification number 808.0427
DDC Edition number 21
Author mark and Year KIR 2001
100 ## - MAIN ENTRY--PERSONAL NAME
Personal name Kirszner,Laurie G.
245 00 - TITLE STATEMENT
Title Patterns for college writing :
Remainder of title a rhetorical reader and guide /
Statement of responsibility, etc Laurie G. Kirszner, Stephen R. Mandell.
250 ## - EDITION STATEMENT
Edition statement 8th ed.
260 ## - PUBLICATION, DISTRIBUTION, ETC. (IMPRINT)
Place of publication, distribution, etc Boston :
Name of publisher, distributor, etc Bedford/St. Martin's,
Date of publication, distribution, etc 2001.
300 ## - PHYSICAL DESCRIPTION
Pagination xxxiii, 713 p. :
Other physical details ill. ;
Dimensions 24 cm.
500 ## - GENERAL NOTE
General note Accompanied by supplement 'Resources for instructors ...' (xviii, 169 p.)
500 ## - GENERAL NOTE
General note Includes index.
650 #0 - SUBJECT ADDED ENTRY--TOPICAL TERM
Topical term or geographic name as entry element College readers.
650 #0 - SUBJECT ADDED ENTRY--TOPICAL TERM
Topical term or geographic name as entry element English language
General subdivision Rhetoric
Form subdivision Problems, exercises, etc.
650 #0 - SUBJECT ADDED ENTRY--TOPICAL TERM
Topical term or geographic name as entry element Report writing
Form subdivision Problems, exercises, etc.
700 1# - ADDED ENTRY--PERSONAL NAME
Personal name Mandell, Stephen R.
942 ## - ADDED ENTRY ELEMENTS (KOHA)
Source of classification or shelving scheme Dewey Decimal Classification
Koha item type Books
Holdings
Source of classification or shelving scheme Damaged status Not for loan Collection code Home library Current library Shelving location Date of accession Source of acquisition Cost, normal purchase price Total Checkouts Full call number Barcode Date last seen Date checked out Copy number Method of acquisition Koha item type Currency
Dewey Decimal Classification     Non-fiction JCC Rouf Library JCC Rouf Library General Stacks 09/19/2024 With the Compliments Of Shahriar Imtiaz Rahman 27/1483/K 3474.00 2 808.0427 KIR 2001 19704 02/25/2025 10/23/2024 C-1 Gift/Donation Books BDT

JCC Library | Contacts | JCC Home

Last Update on 23 September 2017
Copyright @ 2017-2020 JCC Rouf Library
Rouf Library, Jhenidah Cadet College (JCC), Bangladesh